Statistics for MLB Baseball - Greatest Player in Team History

Click here to take the quiz!

General Stats

  • This quiz has been taken 3,240 times
  • The average score is 17 of 30

Answer Stats

WAR Team Career Pos Player % Correct
142.4Yankees1920-1934OFBabe Ruth
97%
50.9Diamondbacks1999-2004, 2007-2008PRandy Johnson
76%
142.5Braves1954-1974OFHank Aaron
76%
164.3Twins/Senators1907-1927PWalter Johnson
75%
95.9Orioles1981-2001SSCal Ripken
75%
123.1Red Sox1939-1942, 1946-1960OFTed Williams
74%
72.5Angels2010-OFMike Trout
73%
154.8Giants1951-1952, 1954-1972OFWillie Mays
73%
70.6Mariners1989-1999, 2009-2010OFKen Griffey Jr.
72%
144.7Tigers1905-1926OFTy Cobb
71%
78.1Reds1963-1978, 1984-1986variousPete Rose
69%
50.1Rangers1991-2002, 2009CIván Rodríguez
65%
68.0Dodgers2008-PClayton Kershaw
65%
88.7Royals1973-19933BGeorge Brett
64%
69.2Padres1982-2001OFTony Gwynn
62%
106.8Phillies1972-19893BMike Schmidt
61%
128.2Cardinals1941-1944, 1946-1963OFStan Musial
59%
79.9Astros1991-20051BJeff Bagwell
57%
35.5Marlins2010-2017OFGiancarlo Stanton
52%
120.1Pirates1900-1917SSHonus Wagner
51%
49.8Rays2008-20173BEvan Longoria
51%
77.3Brewers1974-1993SS / OFRobin Yount
50%
78.7Mets1967-1976PTom Seaver
50%
61.2Rockies1997-20131BTodd Helton
48%
55.8Nationals/Expos1974-1984, 1992CGary Carter
45%
72.1Cubs1960-19733BRon Santo
27%
80.0Indians1902-19142BNap Lajoie
23%
56.4Blue Jays1979-1992, 1998PDave Stieb
21%
74.5White Sox1930-1943, 1945-1950SSLuke Appling
12%
77.4Athletics1901-1914PEddie Plank
9%

Score Distribution

Percentile by Number Answered

Percent of People with Each Score

Your Score History

You have not taken this quiz